MARC

LEADER 00000nam0a2200000 4500
001 102635
005 20231031113051.0
035 |a (RuTPU)RU\TPU\book\110660 
090 |a 102635 
100 |a 20061002d1982 m y0rusy50 ca 
101 0 |a rus 
102 |a UA 
105 |a a z 001zy 
200 1 |a Автоматическое управление процессами сушки  |f В. Г. Воронов, З. Н. Михайлецкий 
210 |a Киев  |c Технiка  |d 1982 
215 |a 112 с.  |c ил. 
320 |a Библиография в конце книги. 
610 1 |a математическое моделирование 
610 1 |a оптимальные условия 
610 1 |a управление 
610 1 |a контроль 
610 1 |a влажность 
610 1 |a древесина 
610 1 |a процессы 
675 |a 66.047  |v 3 
700 1 |a Воронов  |b В. Г.  |g Виктор Георгиевич 
701 1 |a Михайлецкий  |b З. Н.  |g Зиновий Николаевич 
801 1 |a RU  |b 63413507  |c 20061002  |g PSBO 
801 2 |a RU  |b 63413507  |c 20130611  |g PSBO 
942 |c BK